000 00492nam a22001457a 4500
008 140129b xxu||||| |||| 00| 0 eng d
050 _aBX3703.3.J58
245 _aThe Jesuit Brothers Vocation /
_cCentrum Ignatianum Spiritualitatis
260 _aRome
_bCentrum Ignatianum Spiritualitatis
_c1983
300 _a116p.
_c24cm.
650 _aJesuits
_xBrothers
_97268
700 _aGanss, George E [et al]
_97269
710 _aCentrum Ignatianum Spiritualitatis
_97270
942 _2lcc
_cMONOGRAPH
_01
999 _c119760
_d119760